[Event "GRE-chT 42nd"]
[Site "Porto Rio"]
[Date "2014.07.03"]
[Round "7.2"]
[White "Kolomvas, Ioannis"]
[Black "Sarandos, Vasilios"]
[Result "0-1"]
[WhiteElo "2095"]
[BlackElo "2226"]
[PlyCount "56"]
[EventDate "2014.06.28"]
[EventType "team-swiss"]
[EventRounds "7"]
[EventCountry "GRE"]
[SourceTitle "CBM 161 Extra"]
[Source "ChessBase"]
[SourceDate "2014.08.29"]
[SourceVersion "1"]
[SourceVersionDate "2014.08.29"]
[SourceQuality "1"]
[WhiteTeam "Nautical Association"]
[BlackTeam "Ikarias Tzelepis"]
[WhiteTeamCountry "GRE"]
[BlackTeamCountry "GRE"]

1. Nf3 Nf6 2. c4 c6 3. Nc3 d5 4. e3 a6 5. b3 Bg4 6. h3 Bh5 7. Bb2 e6 8. Be2 Nbd7 9. g4 Bg6 10. g5 Ng8 11. h4 h6 12. h5 hxg5 13. Rg1 Rxh5 14. Ne5 Nxe5 15. d4 Rh4 16. dxe5 d4 17. exd4 Rxd4 18. Qc1 Rf4 19. Qe3 Be7 20. Rd1 Qa5 21. Rg2 Nh6 22. Bd3 Bxd3 23. Qxd3 Rd8 24. Qh7 Rxd1+ 25. Kxd1 Kf8 26. Ne4 Ng8 27. Nxg5 Bxg5 28. Rxg5 Qd8+ 0-1

[Event "GRE-chT 41st"]
[Site "Achaia"]
[Date "2013.07.02"]
[Round "1.1"]
[White "Antic, Dejan"]
[Black "Kolomvas, Ioannis"]
[Result "1-0"]
[WhiteElo "2470"]
[BlackElo "2099"]
[PlyCount "46"]
[EventDate "2013.07.02"]
[EventType "team-swiss"]
[EventRounds "7"]
[EventCountry "GRE"]
[SourceTitle "CBM 155 Extra"]
[Source "ChessBase"]
[SourceDate "2013.08.26"]
[SourceVersion "1"]
[SourceVersionDate "2013.08.26"]
[SourceQuality "1"]
[WhiteTeam "Kavalas OFS"]
[BlackTeam "Nautical Association"]
[WhiteTeamCountry "GRE"]
[BlackTeamCountry "GRE"]

1. d4 Nf6 2. c4 e6 3. Nf3 d5 4. g3 dxc4 5. Bg2 Nc6 6. 0-0 Rb8 7. Nc3 b5 8. Ne5 Nxe5 9. dxe5 Nd7 10. Qd4 c5 11. Qf4 Qc7 12. a4 bxa4 13. Rxa4 Rb4 14. Ra2 Nxe5 15. Bd2 f5 16. e4 Bd6 17. exf5 0-0 18. Ne4 Rxf5 19. Qe3 Rb3 20. Bc3 Nc6 21. Nd2 Nb4 22. Nxb3 cxb3 23. Ra4 Bd7 1-0

[Event "GRE-chT 40th"]
[Site "Achaia"]
[Date "2012.06.30"]
[Round "1.15"]
[White "Goritsas, Christos"]
[Black "Kolomvas, Ioannis"]
[Result "1-0"]
[WhiteElo "2328"]
[BlackElo "2082"]
[PlyCount "64"]
[EventDate "2012.06.30"]
[EventType "team-swiss"]
[EventRounds "7"]
[EventCountry "GRE"]
[SourceTitle "CBM 149 Extra"]
[Source "ChessBase"]
[SourceDate "2012.08.24"]
[SourceVersion "1"]
[SourceVersionDate "2012.08.24"]
[SourceQuality "1"]
[WhiteTeam "Spring Chess"]
[BlackTeam "Pelopos Academy"]
[WhiteTeamCountry "GRE"]
[BlackTeamCountry "GRE"]

1. d4 Nf6 2. Nf3 c5 3. c3 b6 4. Bf4 Bb7 5. e3 Nh5 6. Bg5 h6 7. Bh4 g5 8. Bg3 Nxg3 9. hxg3 Bg7 10. Bd3 d6 11. Qe2 Nd7 12. Nbd2 e6 13. 0-0-0 Qc7 14. Kb1 0-0-0 15. Ba6 Kb8 16. Bxb7 Qxb7 17. g4 Nf6 18. Ne1 cxd4 19. exd4 Nd5 20. Nd3 Rd7 21. Ne4 Rc8 22. Rc1 Qc7 23. Ka1 Qd8 24. Qf3 Nc7 25. Nb4 Nd5 26. Nxd5 exd5 27. Ng3 Qc7 28. Qxd5 Qc6 29. Qxc6 Rxc6 30. Nf5 Bf8 31. Rce1 Rd8 32. Nxh6 d5 1-0